Score 0/239 Timer 08:00
2 Plays Today
Words % Correct
I
96.2%
I
96.2%
I
96.2%
I
96.2%
I
96.2%
I
96.2%
I
96.2%
I
96.2%
I
96.2%
I
96.2%
I
96.2%
I
96.2%
I
96.2%
a
95.2%
a
95.2%
a
95.2%
a
95.2%
a
95.2%
A
95.2%
a
95.2%
the
88.7%
the
88.7%
the
88.7%
the
88.7%
love
86.2%
love
86.2%
love
86.2%
love
86.2%
love
86.2%
love,
86.2%
an
78.5%
an
78.5%
and
77.4%
and
77.4%
and
77.4%
and
77.4%
and
77.4%
and
77.4%
and
77.4%
and
77.4%
and
77.4%
you
77.3%
you
77.3%
You
77.3%
Augustus
76.1%
Augustus
76.1%
My
76%
my
76%
my
76%
my
76%
is
74.9%
is
74.9%
of
73.1%
of
73.1%
of
73.1%
Of
73.1%
of
73.1%
of
73.1%
of
73.1%
he
71.9%
be
71.1%
be
71.1%
was
69.4%
was
69.4%
life.
68.8%
our
68.4%
our
68.4%
our
68.4%
to
68.3%
to
68.3%
to
68.3%
to
68.3%
me,
68.2%
me
68.2%
for
66%
for
66%
for
66%
am-
65.1%
am
65.1%
am
65.1%
Words % Correct
Waters
63.9%
Waters
63.9%
so
63.5%
are
63.1%
are
63.1%
are
63.1%
we
62.6%
than
62.3%
than
62.3%
than
62.3%
than
62.3%
Hazel.
61.8%
it
61.1%
it
61.1%
it
61.1%
it
61.1%
will
60.6%
will
60.6%
will
60.6%
no
60.5%
Gus
58.8%
Gus
58.8%
Gus,
58.8%
name
58.3%
with
57.3%
not
57%
not
57%
not
57%
that
56.3%
that.
56.3%
us
55.1%
us
55.1%
There
54.7%
there
54.7%
There
54.7%
infinity.
52.1%
know
51.7%
like
49.8%
like
49.8%
but
49.6%
But,
49.6%
story
49.3%
story,
49.3%
story,
49.3%
more
48.2%
more
48.2%
more
48.2%
can't
47.3%
great
47.1%
how
47%
How
47%
how
47%
I'm
46.9%
I'm
46.9%
tell
46.8%
tell
46.8%
one
46.7%
1.
46.5%
.1
46.5%
this:
45.7%
die
45.6%
Ours
45.3%
infinite
44.7%
infinite
44.7%
infinite
44.7%
other
44.7%
little
44.4%
numbers
44.4%
numbers
44.4%
numbers
44.4%
numbers
44.4%
Some
44%
days,
44%
days,
44%
math.
43.8%
0
43.7%
0
43.7%
0
43.7%
bigger
43.4%
bigger
43.4%
Words % Correct
star-crossed
43%
infinities
42.8%
infinities.
42.8%
about
42.4%
about
42.4%
between
42%
between
42%
between
42%
all
42%
as
41.9%
get
41.8%
get,
41.8%
won't
41.8%
talk
41%
talk
41%
grateful.
40.4%
epic
40.3%
want
40.3%
want
40.3%
gave
39.7%
forever
39.6%
2,
39.5%
should.
38.9%
tears.
37.4%
because-
37.4%
because
37.4%
have...
37.1%
without
36.8%
able
36.4%
into
35.8%
into
35.8%
thankful
35.7%
puddle
34.5%
.12
33.6%
numbered
33.3%
when
32.9%
cry.
32.8%
Okay,
32.5%
okay.
32.5%
Okay.
32.5%
or
32.4%
mathematician,
32.3%
knew.
32.1%
stories-
31.9%
.112
31.9%
sentence
31.8%
within
31.4%
got.
31.1%
million.
31%
writer
30.9%
used
30.6%
there's
30%
There's
30%
cannot
29.3%
set
29.2%
set.
29.2%
course,
29%
taught
28.8%
knows.
28.4%
dissolving
27.6%
real
27.5%
God,
27%
I'd
26.4%
I'd
26.4%
world.
25.5%
others.
24.9%
them,
23.4%
many
23%
eulogizing
22.7%
hoped
22.5%
wouldn't
22.5%
he'd
22.2%
rather
21.9%
likely
21.1%
collection
20.9%
trade
19%
unbounded
15%
resent
14.1%
size
13.8%

You're not logged in!

Compare scores with friends on all Sporcle quizzes.
OR
Log In

From the Vault

5-Star Literary Surnames

by ddd62291

Many of these literary stars became stars on the big screen as well.
Remove Ads.
Support Sporcle.
Get the best of Sporcle when you Go Orange. This ad-free experience offers more features, more stats, and more fun while also helping to support Sporcle. Thank you for becoming a member.

Show Comments

Extras

Top Quizzes Today


Score Distribution

Your Account Isn't Verified!

In order to create a playlist on Sporcle, you need to verify the email address you used during registration. Go to your Sporcle Settings to finish the process.

Report this User

Report this user for behavior that violates our Community Guidelines.

Details: